Heat and mass transfer (Record no. 5861)

000 -LEADER
fixed length control field 00529nam a2200205 4500
001 - CONTROL NUMBER
control field 5861
003 - CONTROL NUMBER IDENTIFIER
control field BD-DhUET
008 - FIXED-LENGTH DATA ELEMENTS--GENERAL INFORMATION
fixed length control field 700409m19679999is a b 000 0 eng
040 ## - CATALOGING SOURCE
Original cataloging agency DLC
Transcribing agency DLC
Modifying agency BD-DhUET
082 00 - DEWEY DECIMAL CLASSIFICATION NUMBER
Classification number 621.011
Item number ECK/1959
100 ## - MAIN ENTRY--PERSONAL NAME
Personal name Eckert, R. R. G.
245 00 - TITLE STATEMENT
Title Heat and mass transfer
250 ## - EDITION STATEMENT
Edition statement 2nd ed.
260 ## - PUBLICATION, DISTRIBUTION, ETC. (IMPRINT)
Place of publication, distribution, etc. New York
Name of publisher, distributor, etc. McGraw-Hill
Date of publication, distribution, etc. 1959
300 ## - PHYSICAL DESCRIPTION
Extent xiv, 530p.
490 1# - SERIES STATEMENT
Series statement McGraw-Hill series in mechanical engineering
650 #0 - SUBJECT ADDED ENTRY--TOPICAL TERM
Topical term or geographic name as entry element Heat-Transmission
700 ## - ADDED ENTRY--PERSONAL NAME
Personal name Drake, Robert M.
942 ## - ADDED ENTRY ELEMENTS (KOHA)
Koha item type General Book
Holdings
Sublocation or collection (holding branch) Koha date last seen Not for loan Source of classification or shelving scheme Location (home branch) Koha item type Date acquired Price effective from Lost status Koha date last borrowed Koha issues (times borrowed) Piece designation (barcode) Withdrawn status Copy number Koha normalized classification for sorting Shelving location Damaged status Koha full call number
Central Library, BUET2014-11-29  Central Library, BUETGeneral Book2014-11-292014-11-29   36668  621_011000000000000_ECK_1959Circulation section 621.011/ECK/1959
Central Library, BUET2014-12-03  Central Library, BUETGeneral Book2014-12-032014-12-03   14884 2621_000000000000000_011ECK1959Circulation section 621.011/ECK/1959
Central Library, BUET2015-04-12  Central Library, BUETGeneral Book2015-04-122015-04-12   11302 3621_011000000000000_ECK_1959Circulation section 621.011/ECK/1959
Central Library, BUET2015-04-12  Central Library, BUETGeneral Book2015-04-122015-04-12   31276 4621_011000000000000_ECK_1959Circulation section 621.011/ECK/1959
Central Library, BUET2015-04-12  Central Library, BUETGeneral Book2015-04-122015-04-12   31274 5621_011000000000000_ECK_1959Circulation section 621.011/ECK/1959
Central Library, BUET2015-04-12  Central Library, BUETGeneral Book2015-04-122015-04-12   31271 6621_011000000000000_ECK_1959Circulation section 621.011/ECK/1959
Central Library, BUET2015-04-12  Central Library, BUETGeneral Book2015-04-122015-04-12   31272 7621_011000000000000_ECK_1959Circulation section 621.011/ECK/1959
Central Library, BUET2021-11-28  Central Library, BUETGeneral Book2015-04-132015-04-13 2020-03-02131277 8621_011000000000000_ECK_1959Circulation section 621.011/ECK/1959
Central Library, BUET2015-04-13  Central Library, BUETGeneral Book2015-04-132015-04-13   11301 9621_011000000000000_ECK_1959Circulation section 621.011/ECK/1959
Central Library, BUET2015-04-13  Central Library, BUETGeneral Book2015-04-132015-04-13   11303 10621_011000000000000_ECK_1959Circulation section 621.011/ECK/1959
Central Library, BUET2015-04-13  Central Library, BUETGeneral Book2015-04-132015-04-13   24625 11621_011000000000000_ECK_1959Circulation section 621.011/ECK/1959
Central Library, BUET2015-04-13  Central Library, BUETGeneral Book2015-04-132015-04-13   7652 12621_011000000000000_ECK_1959Circulation section 621.011/ECK/1959
Central Library, BUET2015-04-13  Central Library, BUETGeneral Book2015-04-132015-04-13   24320 13621_011000000000000_ECK_1959Circulation section 621.011/ECK/1959
Central Library, BUET2015-04-13  Central Library, BUETGeneral Book2015-04-132015-04-13   24976 14621_011000000000000_ECK_1959Circulation section 621.011/ECK/1959
Central Library, BUET2015-04-13  Central Library, BUETGeneral Book2015-04-132015-04-13   31275 15621_011000000000000_ECK_1959Circulation section 621.011/ECK/1959
Central Library, BUET2015-06-16  Central Library, BUETGeneral Book2015-06-162015-06-16   7655 16621_011000000000000_ECK_1959Reading section 621.011/ECK/1959